La empresa capitalista : aspectos de su moderna estructuración /
Guardado en:
| Autor Principal: | |
|---|---|
| Formato: | Libro |
| Idioma: | Spanish |
| Publicado: |
Buenos Aires :
Hachette,
1962.
|
| Etiquetas: |
Agregar Etiqueta
Sin Etiquetas, Sea el primero en etiquetar este registro!
|
| LEADER | 00474nam a22001455a 4500 | ||
|---|---|---|---|
| 001 | EUN.um001039 | ||
| 003 | AR-BaUNS | ||
| 005 | 20050623122849.0 | ||
| 008 | 041125s1962####ag############000#0#spa#d | ||
| 245 | 1 | 3 | |a La empresa capitalista : |b aspectos de su moderna estructuración / |c René Ballivián Calderón. |
| 260 | |a Buenos Aires : |b Hachette, |c 1962. | ||
| 300 | |a 490 p. | ||
| 100 | 1 | |a Ballivián Calderón, René. | |
| 082 | 0 | 4 | |a 658 |
| 859 | |a Ar-BaUNS |b BIB. CENTRAL - Sector C |h 658 |i B214 |p 2539/963 | ||
